[Event "XX чемпионат ПФО по шах"]
[Site "Набережные Челн�"]
[Date "2022.03.24"]
[Round "5.3"]
[White "Yakimova, Mariya"]
[Black "Nur-Mukhametova, Alisa"]
[Result "0-1"]
[WhiteElo "2198"]
[BlackElo "2225"]
[PlyCount "94"]
[EventDate "2022.03.20"]

1. d4 Nf6 2. c4 e6 3. Nf3 Bb4+ 4. Nbd2 d5 5. g3 O-O 6. Bg2 b6 7. cxd5 exd5 8.
O-O Bb7 9. Ne5 Re8 10. Ndf3 Bd6 11. Bf4 c5 12. e3 Ne4 13. dxc5 bxc5 14. Nd3 Be7
15. Nd2 Nd7 16. Nxe4 dxe4 17. Nc1 Bf6 18. Qc2 g5 19. Bd6 Qb6 20. Rd1 Re6 21.
Qb3 c4 22. Qxb6 Nxb6 23. Ba3 Na4 24. Ne2 Rb6 25. Rac1 Nxb2 26. Rd7 Rc8 27. Nc3
Nd3 28. Rc2 Ne1 29. Rc1 Nd3 30. Rc2 Bxc3 31. Rxc3 Rb1+ 32. Bf1 Re8 33. g4 Ne5
34. Rc7 Bc8 35. h3 h5 36. Rc1 Rxc1 37. Bxc1 hxg4 38. hxg4 Bxg4 39. Bxc4 Nxc4
40. Rxc4 Bf3 41. Rc5 f6 42. Bb2 Kf7 43. Rc7+ Kg6 44. Rc6 Rd8 45. Bd4 Rb8 46.
Rxf6+ Kh5 47. Kh2 Kg4 0-1

[Event "XX чемпионат ПФО по шах"]
[Site "Набережные Челн�"]
[Date "2022.03.24"]
[Round "5.4"]
[White "Shafigullina, Zarina"]
[Black "Mullina, Almira"]
[Result "1-0"]
[WhiteElo "2204"]
[BlackElo "1304"]
[PlyCount "95"]
[EventDate "2022.03.20"]

1. d4 Nf6 2. Nf3 g6 3. g3 Bg7 4. Bg2 d6 5. c4 O-O 6. Nc3 Nc6 7. O-O Nd7 8. e4
e5 9. d5 Nd4 10. Nxd4 exd4 11. Nb5 Ne5 12. Nxd4 Nxc4 13. b3 Ne5 14. h3 c5 15.
Nc2 b5 16. f4 Nd7 17. Rb1 Bb7 18. g4 Rc8 19. Bb2 Bxb2 20. Rxb2 a6 21. Kh2 c4
22. b4 Nb6 23. Qe1 Re8 24. Qg3 Qf6 25. Rbb1 Na4 26. Rbe1 Qc3 27. Qf2 Nb2 28.
Re2 Qf6 29. g5 Qd8 30. Qd4 Nd3 31. Ne3 Nxb4 32. Ng4 Kf8 33. Nf6 Re7 34. Nxh7+
Kg8 35. Nf6+ Kf8 36. Bf3 Qc7 37. Nh5 f6 38. Qxf6+ Rf7 39. Qxg6 c3 40. Qh6+ Ke7
41. e5 Kd8 42. Qh8+ Ke7 43. exd6+ Kxd6 44. Re6+ Kd7 45. Nf6+ Rxf6 46. Qg7+ Rf7
47. Qxf7+ Kd8 48. Qe8# 1-0

[Event "XX чемпионат ПФО по шах"]
[Site "Набережные Челн�"]
[Date "2022.03.24"]
[Round "5.5"]
[White "Kalashnikova, Elena"]
[Black "Iljushina, Olga"]
[Result "0-1"]
[WhiteElo "1659"]
[BlackElo "2054"]
[PlyCount "48"]
[EventDate "2022.03.20"]

1. d4 Nf6 2. c4 e6 3. g3 Bb4+ 4. Nd2 c5 5. Ngf3 Nc6 6. a3 Bxd2+ 7. Qxd2 Ne4 8.
Qd3 Qa5+ 9. Nd2 f5 10. f3 Nf6 11. dxc5 O-O 12. Qe3 e5 13. Kf2 f4 14. gxf4 exf4
15. Qxf4 Qxc5+ 16. Ke1 Nd4 17. b4 Nc2+ 18. Kd1 Ne3+ 19. Ke1 Qe7 20. Ra2 d5 21.
cxd5 Nfxd5 22. Qe4 Be6 23. Bb2 Rf4 24. Qe5 Qh4# 0-1

[Event "XX чемпионат ПФО по шах"]
[Site "Набережные Челн�"]
[Date "2022.03.24"]
[Round "5.6"]
[White "Aminova, Zarina"]
[Black "Nagaeva, Aliia"]
[Result "0-1"]
[WhiteElo "1393"]
[BlackElo "1680"]
[PlyCount "66"]
[EventDate "2022.03.20"]

1. d4 Nf6 2. c4 e6 3. Nf3 Bb4+ 4. Bd2 Qe7 5. g3 Nc6 6. Nc3 Bxc3 7. Bxc3 Ne4 8.
Bg2 Nxc3 9. bxc3 d6 10. O-O O-O 11. Re1 e5 12. e4 b6 13. Re3 Rb8 14. Ne1 Na5
15. Bf1 Qf6 16. Nc2 c5 17. Qd3 Ba6 18. Na3 Nc6 19. d5 Ne7 20. Nb5 Bxb5 21. cxb5
Qg5 22. Bh3 f5 23. exf5 Nxf5 24. Bxf5 Rxf5 25. a4 Rbf8 26. f3 e4 27. fxe4 Rf2
28. Rae1 Qh5 29. h4 Qg4 30. R1e2 Rf1+ 31. Kg2 Rh1 32. Rf3 Qh3+ 33. Kf2 Qf1+ 0-1

[Event "XX чемпионат ПФО по шах"]
[Site "Набережные Челн�"]
[Date "2022.03.24"]
[Round "5.7"]
[White "Kulkova, Dina"]
[Black "Kuznetsova, Polina"]
[Result "1/2-1/2"]
[WhiteElo "1501"]
[BlackElo "1835"]
[PlyCount "89"]
[EventDate "2022.03.20"]

1. c4 e6 2. g3 d5 3. Bg2 Nf6 4. Nf3 d4 5. O-O c5 6. d3 Nc6 7. e3 h6 8. Qe2 Bd6
9. exd4 cxd4 10. Nbd2 O-O 11. a3 a5 12. b3 Re8 13. Bb2 e5 14. Nh4 Bg4 15. f3
Be6 16. Bh1 Rb8 17. Ne4 Be7 18. Ng2 Nxe4 19. Qxe4 f5 20. Qe2 Bf7 21. Qc2 Bf6
22. Ne1 Bg6 23. Rd1 Qd7 24. Rf2 Bh7 25. Re2 f4 26. g4 Rec8 27. Rc1 Be7 28. Bg2
b6 29. Bf1 Bd6 30. Rf2 Nd8 31. Qd2 Qe7 32. a4 Ne6 33. Qd1 Qg5 34. Rcc2 Kf7 35.
Rg2 Rh8 36. h3 Bg6 37. Rh2 Bc5 38. Kh1 Qf6 39. h4 Ke7 40. h5 Be8 41. Ng2 Bc6
42. Nh4 Rhd8 43. Qe2 Kf7 44. Bg2 Ng5 45. Qd1 1/2-1/2

[Event "XX чемпионат ПФО по шах"]
[Site "Набережные Челн�"]
[Date "2022.03.24"]
[Round "5.8"]
[White "Ivanaeva, Alina"]
[Black "Sirotkina, Elizaveta"]
[Result "1-0"]
[WhiteElo "1871"]
[BlackElo "1269"]
[PlyCount "86"]
[EventDate "2022.03.20"]

1. e4 c5 2. Nf3 Nc6 3. d4 cxd4 4. Nxd4 Nf6 5. Nc3 a6 6. Be3 d6 7. f3 e6 8. Qd2
Bd7 9. O-O-O b5 10. Nxc6 Bxc6 11. Ne2 e5 12. Bg5 Rc8 13. Kb1 Bd7 14. Nc3 Be6
15. f4 Qa5 16. Bxf6 gxf6 17. f5 b4 18. Nd5 Bxd5 19. Qxd5 Qa4 20. Bc4 Rc7 21.
Qa8+ Ke7 22. Qxa6 Qxa6 23. Bxa6 Rg8 24. g3 Bh6 25. Rhe1 Ra8 26. Bb5 Rc5 27. Bf1
Bg5 28. Rd5 Rxd5 29. exd5 Rc8 30. Re4 Rc5 31. Rxb4 Rxd5 32. Bd3 Rc5 33. c4 d5
34. Rb7+ Kd8 35. b4 dxc4 36. Be4 Rc7 37. Rxc7 Kxc7 38. Kc2 Be3 39. Kc3 Kb6 40.
Kxc4 Bd2 41. a4 h6 42. g4 Be1 43. a5+ Ka6 1-0

[Event "XX чемпионат ПФО по шах"]
[Site "Набережные Челн�"]
[Date "2022.03.24"]
[Round "5.9"]
[White "Nosacheva, Mariya"]
[Black "Nigmatullina, Dina"]
[Result "1/2-1/2"]
[WhiteElo "2244"]
[BlackElo "1501"]
[PlyCount "87"]
[EventDate "2022.03.20"]

1. d4 Nf6 2. c4 g6 3. Nc3 Bg7 4. e4 d6 5. Be2 O-O 6. Bg5 c6 7. Qd2 Na6 8. h4
Qe8 9. h5 e5 10. d5 cxd5 11. hxg6 fxg6 12. cxd5 Nc5 13. f3 Nh5 14. Bb5 Qf7 15.
Nge2 a6 16. Bd3 h6 17. Be3 Nf4 18. Nxf4 exf4 19. Bf2 b5 20. O-O-O Bd7 21. Kb1
Na4 22. Nxa4 bxa4 23. Bc2 Rab8 24. Bd4 Rb7 25. e5 dxe5 26. Bc3 Rfb8 27. Be4 Kh7
28. Ka1 Bf5 29. Qc2 Bxe4 30. fxe4 Qd7 31. Rh3 Qb5 32. Rdh1 Qc4 33. Qb1 a3 34.
b3 Qc5 35. Qe1 Rxb3 36. Rxh6+ Bxh6 37. Rxh6+ Kxh6 38. Qh4+ Kg7 39. Bxe5+ Kf7
40. Qh7+ Ke8 41. Qxg6+ Kd8 42. Qg8+ Kd7 43. Qe6+ Kd8 44. Qg8+ 1/2-1/2

[Event "XX чемпионат ПФО по шах"]
[Site "Набережные Челн�"]
[Date "2022.03.24"]
[Round "5.10"]
[White "Ivanova, Arina"]
[Black "Vysotskaya, Anastasiya"]
[Result "0-1"]
[WhiteElo "1660"]
[BlackElo "2210"]
[PlyCount "76"]
[EventDate "2022.03.20"]

1. d4 Nf6 2. c4 e6 3. Nc3 Bb4 4. Bg5 h6 5. Bh4 c5 6. d5 d6 7. e3 a6 8. a3 Bxc3+
9. bxc3 exd5 10. cxd5 Nbd7 11. f3 O-O 12. e4 Re8 13. Be2 Ne5 14. Qc2 b5 15. a4
Rb8 16. Rb1 b4 17. cxb4 cxb4 18. Qb3 Ng6 19. Bf2 Nh5 20. Ba7 Rb7 21. Qe3 Nhf4
22. Kf1 f5 23. g3 Nxe2 24. Nxe2 fxe4 25. f4 Ne7 26. Rd1 Nf5 27. Qg1 e3 28. Bd4
Nxd4 29. Nxd4 Bg4 30. Re1 Bh3+ 31. Ke2 Qb6 32. Nf3 Qc5 33. Rc1 Qxd5 34. Rc2 b3
35. Rc3 Bg4 36. Rxe3 Qxf3+ 37. Kd2 Rxe3 38. Qxe3 Qxh1 0-1

[Event "XX чемпионат ПФО по шах"]
[Site "Набережные Челн�"]
[Date "2022.03.24"]
[Round "5.11"]
[White "Sautina, Elizaveta"]
[Black "Fefelova, Ekaterina"]
[Result "1-0"]
[WhiteElo "1629"]
[BlackElo "1379"]
[PlyCount "91"]
[EventDate "2022.03.20"]

1. d4 d5 2. c4 e6 3. Nc3 c6 4. e3 Nf6 5. Nf3 Nbd7 6. Bd3 dxc4 7. Bxc4 b5 8. Bd3
a6 9. e4 c5 10. e5 Nd5 11. Nxd5 exd5 12. O-O Be7 13. Re1 O-O 14. Bd2 Re8 15.
Rc1 c4 16. Bb1 Nf8 17. h3 Ng6 18. Nh2 Bg5 19. Rf1 f5 20. f4 Be7 21. g3 Nh8 22.
Rf2 a5 23. Nf1 Ra6 24. Ne3 Rf8 25. Qf3 Be6 26. Rd1 b4 27. g4 g6 28. Rg2 fxg4
29. hxg4 Bg5 30. f5 Ra7 31. Qh3 Bc8 32. Qf3 Bb7 33. Rh2 Bc6 34. Be1 Rg7 35. f6
Rb7 36. Bh4 Bxh4 37. Rxh4 Qd7 38. Nf5 h5 39. Ne7+ Kf7 40. gxh5 Ke8 41. Nxg6 Rg8
42. Bf5 Qf7 43. Kf2 Kd8 44. Ne7 Rxe7 45. fxe7+ Qxe7 46. Rg4 1-0

[Event "XX чемпионат ПФО по шах"]
[Site "Набережные Челн�"]
[Date "2022.03.24"]
[Round "5.12"]
[White "Tazetdinova, Adelya"]
[Black "Stakina, Melissa"]
[Result "1-0"]
[WhiteElo "1490"]
[BlackElo "1526"]
[PlyCount "53"]
[EventDate "2022.03.20"]

1. e4 c5 2. Nf3 Nc6 3. d4 cxd4 4. Nxd4 Nf6 5. Nc3 e5 6. Ndb5 d6 7. Bg5 a6 8.
Na3 b5 9. Bxf6 gxf6 10. Nd5 f5 11. g3 fxe4 12. Bg2 Bf5 13. c3 Bg7 14. Nc2 O-O
15. Nce3 Bg6 16. h4 h6 17. g4 b4 18. Nf5 bxc3 19. bxc3 Bxf5 20. gxf5 Bf6 21.
Bxe4 Rc8 22. Qh5 Kh7 23. Rg1 Nb8 24. Kd2 Rc4 25. Rg6 Bg5+ 26. hxg5 fxg6 27.
Qxg6+ 1-0

[Event "XX чемпионат ПФО по шах"]
[Site "Набережные Челн�"]
[Date "2022.03.24"]
[Round "5.13"]
[White "Testova, Nika"]
[Black "Maltseva, Aleksandra"]
[Result "1-0"]
[WhiteElo "1674"]
[BlackElo "1498"]
[PlyCount "87"]
[EventDate "2022.03.20"]

1. e4 d5 2. exd5 Qxd5 3. Nc3 Qa5 4. d4 Nf6 5. Nf3 Bg4 6. h3 Bh5 7. g4 Bg6 8.
Ne5 c6 9. h4 e6 10. h5 Be4 11. Rh3 Bb4 12. Bd2 Bxc3 13. bxc3 h6 14. Nc4 Qc7 15.
Qc1 Nd5 16. Qa3 Bxc2 17. Nd6+ Kd8 18. c4 Nf6 19. Rf3 Qe7 20. c5 e5 21. Ba5+ Kd7
22. Qb2 b6 23. Re3 Nxg4 24. Bh3 Qh4 25. Qxc2 Kc7 26. Rf3 Nd7 27. Bb4 exd4 28.
cxb6+ axb6 29. Nf5 Qxh5 30. Bd6+ Kb7 31. Nxd4 Rhe8+ 32. Kf1 c5 33. Qf5 Qxf5 34.
Nxf5 Nge5 35. Bxe5 Nxe5 36. Re3 Kc7 37. Rae1 f6 38. f4 g6 39. Ng7 Re7 40. Ne6+
Kb8 41. fxe5 f5 42. Nf4 g5 43. Nd5 Rf7 44. e6 1-0

[Event "XX чемпионат ПФО по шах"]
[Site "Набережные Челн�"]
[Date "2022.03.24"]
[Round "5.14"]
[White "Yusupova, Adel"]
[Black "Tabermakova, Leila"]
[Result "1/2-1/2"]
[WhiteElo "1328"]
[BlackElo "1591"]
[PlyCount "52"]
[EventDate "2022.03.20"]

1. d4 Nf6 2. c4 g6 3. g3 c6 4. Bg2 d5 5. Nf3 Bg7 6. O-O O-O 7. Nc3 dxc4 8. Ne5
Ng4 9. Nxg4 Bxg4 10. h3 Be6 11. e3 Nd7 12. e4 Nb6 13. Be3 Qd7 14. Kh2 Rad8 15.
Ne2 f5 16. f3 Bf7 17. Qc2 fxe4 18. fxe4 Qc7 19. Rad1 Rd7 20. h4 e5 21. Bh3 Rdd8
22. Bg5 Rde8 23. dxe5 Bxe5 24. Bh6 Bg7 25. Bf4 Be5 26. Bh6 Bg7 1/2-1/2

[Event "XX чемпионат ПФО по шах"]
[Site "Набережные Челн�"]
[Date "2022.03.24"]
[Round "5.15"]
[White "Mokeeva, Zlata"]
[Black "Chepovetskaya, Sofya"]
[Result "0-1"]
[WhiteElo "1265"]
[BlackElo "1369"]
[PlyCount "74"]
[EventDate "2022.03.20"]

1. e4 e6 2. d4 d5 3. Nc3 Nf6 4. e5 Nfd7 5. f4 c5 6. Nf3 Nc6 7. Be3 a6 8. Ne2 b5
9. c3 c4 10. g3 b4 11. Bh3 Nb6 12. Qc2 Rb8 13. O-O b3 14. Qd2 Na5 15. a3 Na4
16. Ne1 Nc6 17. f5 exf5 18. Bxf5 Bxf5 19. Rxf5 Na7 20. Ng2 Nb5 21. Bg5 Qc8 22.
Raf1 Rb7 23. Ne3 h6 24. Nxd5 hxg5 25. Qxg5 Nxb2 26. Rxf7 Rxf7 27. Qg6 Qh3 28.
Qc6+ Kd8 29. Rxf7 Qxh2+ 30. Kf1 Qh3+ 31. Ke1 Nd3+ 32. Kd2 Qh6+ 33. Qxh6 gxh6
34. e6 b2 35. Rb7 Kc8 36. e7 Bxe7 37. Rxe7 b1=Q 0-1

[Event "XX чемпионат ПФО по шах"]
[Site "Набережные Челн�"]
[Date "2022.03.24"]
[Round "5.16"]
[White "Maltseva, Elizaveta"]
[Black "Chekina, Anastasiia"]
[Result "1-0"]
[WhiteElo "1547"]
[BlackElo "1452"]
[PlyCount "51"]
[EventDate "2022.03.20"]

1. d4 Nf6 2. c4 e6 3. Nf3 b6 4. g3 Bb7 5. Bg2 Be7 6. O-O O-O 7. Nc3 d5 8. Ne5
Nbd7 9. Qa4 Nxe5 10. dxe5 Ne4 11. cxd5 Nxc3 12. bxc3 exd5 13. Rd1 c6 14. c4 Bc5
15. Bb2 Qg5 16. cxd5 cxd5 17. Bxd5 Bxd5 18. Rxd5 Qf5 19. Qf4 Qxf4 20. gxf4 Rfd8
21. e4 Rdc8 22. Rad1 Be7 23. Rd7 Bh4 24. e6 Rc2 25. exf7+ Kh8 26. Rd8+ 1-0

[Event "XX чемпионат ПФО по шах"]
[Site "Набережные Челн�"]
[Date "2022.03.24"]
[Round "5.17"]
[White "Korotaeva, Polina"]
[Black "Galieva, Alina"]
[Result "0-1"]
[WhiteElo "1196"]
[BlackElo "1272"]
[PlyCount "60"]
[EventDate "2022.03.20"]

1. e4 c5 2. Nf3 Nc6 3. Bb5 e6 4. Bxc6 bxc6 5. O-O d5 6. e5 Ne7 7. d3 Ng6 8. b3
Be7 9. c4 O-O 10. Bb2 Qc7 11. Na3 d4 12. Re1 f6 13. exf6 Bxf6 14. Nb1 e5 15.
Nbd2 Be7 16. Ne4 Bg4 17. Ned2 Nh4 18. Qe2 Bd6 19. Kh1 Nxf3 20. Nxf3 Bxf3 21.
gxf3 Qf7 22. Kg2 Qg6+ 23. Kh1 Qh5 24. Qe4 Qxf3+ 25. Qxf3 Rxf3 26. Rad1 Rxf2 27.
Bc1 Rxa2 28. Rg1 e4 29. Rg2 Rxg2 30. Kxg2 e3 0-1

[Event "XX чемпионат ПФО по шах"]
[Site "Набережные Челн�"]
[Date "2022.03.24"]
[Round "5.18"]
[White "Miftakhova, Azalia"]
[Black "Guseinova, Vusala"]
[Result "1-0"]
[WhiteElo "1638"]
[BlackElo "1211"]
[PlyCount "55"]
[EventDate "2022.03.20"]

1. e4 c5 2. Nf3 Nf6 3. e5 Nd5 4. c4 Nc7 5. Nc3 e6 6. d4 Be7 7. Ne4 Nca6 8. d5
exd5 9. cxd5 d6 10. exd6 Bxd6 11. Bb5+ Kf8 12. O-O Nc7 13. Qa4 a6 14. Nxd6 Qxd6
15. Bf4 Qd8 16. Bxc7 Qxc7 17. Rfe1 Bd7 18. d6 Qd8 19. Bxd7 Qxd7 20. Qxd7 Nxd7
21. Re7 Rd8 22. Ng5 Nf6 23. Nxf7 Rxd6 24. Rxb7 Rd7 25. Rxd7 Nxd7 26. Nxh8 Kg8
27. Rd1 Nf8 28. Rd8 1-0

[Event "XX чемпионат ПФО по шах"]
[Site "Набережные Челн�"]
[Date "2022.03.24"]
[Round "5.19"]
[White "Sosnina, Nadezhda"]
[Black "Kamalieva, Azaliya"]
[Result "1-0"]
[WhiteElo "1623"]
[BlackElo "1375"]
[PlyCount "139"]
[EventDate "2022.03.20"]

1. e4 c5 2. Nf3 Nf6 3. Nc3 d5 4. exd5 Nxd5 5. Bc4 Nb6 6. Bb5+ Bd7 7. Bxd7+ Qxd7
8. a4 Nc6 9. d3 e6 10. O-O Be7 11. Re1 O-O 12. Ne4 Rad8 13. Be3 Nd4 14. a5 Na8
15. Ne5 Qb5 16. Nc4 Nc7 17. Bf4 Ne8 18. Be5 f6 19. Bf4 e5 20. Be3 Nd6 21. Bxd4
Nxe4 22. Bc3 Nd6 23. Qg4 Nxc4 24. Qe6+ Kh8 25. Re4 Qd7 26. Qxc4 Bd6 27. Re3
Rfe8 28. Rae1 Re7 29. f4 exf4 30. Rxe7 Bxe7 31. Qxf4 Bd6 32. Qe4 h6 33. Re3 Qc7
34. Qh4 Qf7 35. Qe1 Qh5 36. g3 Qg6 37. Re4 Kh7 38. Re6 Qh5 39. Qe2 Qg6 40. Qe4
Qxe4 41. Rxe4 Rd7 42. Kg2 f5 43. Re6 Bc7 44. a6 b6 45. Kf3 Rf7 46. h4 Kg8 47.
Re8+ Kh7 48. h5 Bd6 49. Re6 Bc7 50. Be5 Bd8 51. Bc3 Bc7 52. Re8 Bd6 53. Be5
Bxe5 54. Rxe5 g6 55. hxg6+ Kxg6 56. Kf4 h5 57. Re6+ Kh7 58. Re8 Kg6 59. Rg8+
Kh6 60. Rb8 Rg7 61. Rb7 Rg4+ 62. Kf3 Ra4 63. Rxa7 Kg5 64. Ra8 Kg6 65. a7 Kg7
66. b3 Ra2 67. Kf4 Ra6 68. c4 Ra3 69. Kxf5 Ra2 70. Kg5 1-0

[Event "XX чемпионат ПФО по шах"]
[Site "Набережные Челн�"]
[Date "2022.03.25"]
[Round "6.1"]
[White "Nur-Mukhametova, Alisa"]
[Black "Nasyrova, Ekaterina"]
[Result "1-0"]
[WhiteElo "2225"]
[BlackElo "2109"]
[PlyCount "89"]
[EventDate "2022.03.20"]

1. d4 d5 2. Nf3 Nf6 3. c4 e6 4. g3 Bb4+ 5. Bd2 Bd6 6. Bg2 O-O 7. O-O Nbd7 8.
Bc3 dxc4 9. Nfd2 Nb6 10. e4 Be7 11. a4 a5 12. b3 cxb3 13. Nxb3 Bd7 14. Nxa5
Nxa4 15. Nxb7 Qc8 16. Nc5 Nxc5 17. Rxa8 Qxa8 18. dxc5 Bc6 19. Nd2 Bxc5 20. Bxf6
gxf6 21. Qg4+ Kh8 22. Qf4 Qd8 23. e5 Bxg2 24. Kxg2 f5 25. Nf3 Rg8 26. Qc1 Qe7
27. Rd1 Bb6 28. h4 Kg7 29. Qd2 h6 30. Ng1 Qc5 31. Qe2 Ra8 32. g4 Ra4 33. gxf5
exf5 34. Rd3 Qc6+ 35. Kh2 Rxh4+ 36. Nh3 Rg4 37. f3 Rc4 38. Qg2+ Kh7 39. Rd2 Be3
40. Re2 Qc5 41. Qg3 f4 42. Qg4 Qxe5 43. Rg2 h5 44. Qg8+ Kh6 45. Qf8+ 1-0

[Event "XX чемпионат ПФО по шах"]
[Site "Набережные Челн�"]
[Date "2022.03.25"]
[Round "6.2"]
[White "Iljushina, Olga"]
[Black "Shukhman, Anna"]
[Result "1/2-1/2"]
[WhiteElo "2054"]
[BlackElo "2014"]
[PlyCount "87"]
[EventDate "2022.03.20"]

1. d4 Nf6 2. c4 g6 3. Nc3 d5 4. Bg5 Bg7 5. e3 dxc4 6. Bxc4 O-O 7. Nf3 c5 8. O-O
Nc6 9. d5 Na5 10. Be2 h6 11. Bh4 Bf5 12. Qa4 a6 13. e4 b5 14. Qc2 Bg4 15. Rad1
b4 16. Na4 Nd7 17. b3 Re8 18. Ne1 Bxe2 19. Qxe2 c4 20. bxc4 Rc8 21. Rc1 g5 22.
Bg3 e6 23. d6 Nb7 24. c5 Rc6 25. Nd3 Qa5 26. Nb6 Ndxc5 27. Nd7 Qb5 28. N7xc5
Nxc5 29. Qe3 Nxd3 30. Rxc6 Qxc6 31. Qxd3 e5 32. Rd1 Rd8 33. h4 a5 34. hxg5 hxg5
35. Qd5 Qxd5 36. Rxd5 f6 37. f3 a4 38. Bf2 b3 39. axb3 axb3 40. Rb5 Rxd6 41.
Rxb3 Kf7 42. Rb7+ Kg6 43. Kh2 Re6 44. Rb8 1/2-1/2

[Event "XX чемпионат ПФО по шах"]
[Site "Набережные Челн�"]
[Date "2022.03.25"]
[Round "6.3"]
[White "Nagaeva, Aliia"]
[Black "Goltseva, Ekaterina"]
[Result "0-1"]
[WhiteElo "1680"]
[BlackElo "2327"]
[PlyCount "86"]
[EventDate "2022.03.20"]

1. e4 e6 2. d4 d5 3. Nc3 Bb4 4. e5 c5 5. a3 Bxc3+ 6. bxc3 Ne7 7. Nf3 b6 8. Bb5+
Bd7 9. Bd3 Ba4 10. O-O c4 11. Be2 Na6 12. Be3 Nc7 13. Qd2 h6 14. Ne1 Kd7 15. g3
Qg8 16. Ng2 Qh7 17. Ra2 Raf8 18. Rb1 Nc6 19. f3 Kc8 20. Kf2 f6 21. exf6 gxf6
22. f4 Na5 23. Re1 Nb7 24. Bf3 Nd6 25. Kg1 Ne4 26. Bxe4 Qxe4 27. Bf2 Qh7 28.
Nh4 Re8 29. Re2 Nb5 30. Rb2 Nd6 31. Qe3 h5 32. Qf3 Ne4 33. f5 Bd7 34. Rxe4 dxe4
35. Qxe4 Kc7 36. Ng6 Rhg8 37. d5 exd5 38. Qxd5 Bc6 39. Qxc4 Qd7 40. Qf4+ Kb7
41. Qd4 Re4 42. Qxd7+ Bxd7 43. Rb4 Bxf5 0-1

[Event "XX чемпионат ПФО по шах"]
[Site "Набережные Челн�"]
[Date "2022.03.25"]
[Round "6.4"]
[White "Matveeva, Olga"]
[Black "Shafigullina, Zarina"]
[Result "0-1"]
[WhiteElo "2171"]
[BlackElo "2204"]
[PlyCount "82"]
[EventDate "2022.03.20"]

1. d4 Nf6 2. c4 e6 3. g3 c5 4. d5 exd5 5. cxd5 d6 6. Nc3 g6 7. Bg2 Bg7 8. Nf3
O-O 9. O-O Re8 10. Nd2 a6 11. a4 Nbd7 12. h3 Rb8 13. Nc4 Ne5 14. Na3 Nh5 15. e4
Bd7 16. a5 b5 17. axb6 Bb5 18. Naxb5 axb5 19. Nxb5 Qxb6 20. Na3 Qb3 21. g4 Nf6
22. g5 Nh5 23. Qxb3 Rxb3 24. f4 Nd3 25. Nc4 Ng3 26. Nxd6 Bd4+ 27. Kh2 Nxf1+ 28.
Bxf1 Reb8 29. Nc4 Nxc1 30. Rxc1 Be3 31. Rc2 Bxf4+ 32. Kg2 Bxg5 33. e5 Be3 34.
Kf3 Bd4+ 35. Ke4 f5+ 36. Kf4 h6 37. Bg2 Bg1 38. Rc3 Rxc3 39. bxc3 Rb3 40. Nd2
Bh2+ 41. Ke3 Rxc3+ 0-1

[Event "XX чемпионат ПФО по шах"]
[Site "Набережные Челн�"]
[Date "2022.03.25"]
[Round "6.5"]
[White "Vysotskaya, Anastasiya"]
[Black "Ivanaeva, Alina"]
[Result "1-0"]
[WhiteElo "2210"]
[BlackElo "1871"]
[PlyCount "71"]
[EventDate "2022.03.20"]

1. d4 d5 2. Nf3 Nf6 3. c4 e6 4. g3 Bb4+ 5. Bd2 Be7 6. Bg2 c6 7. O-O O-O 8. Qc2
b6 9. b3 Ba6 10. a4 Nbd7 11. a5 Ne4 12. Ne5 Nxe5 13. Bxe4 Ng6 14. cxd5 cxd5 15.
Bd3 Bxd3 16. Qxd3 a6 17. Na3 b5 18. Nc2 Qd7 19. Ne3 Bd6 20. h4 f5 21. h5 Ne7
22. Ng2 Rac8 23. h6 g6 24. Bf4 Nc6 25. Bxd6 Qxd6 26. Qe3 Rfe8 27. Nf4 Nb4 28.
Rac1 Rxc1 29. Rxc1 Nc6 30. Nd3 Nb8 31. Ne5 Rd8 32. Qg5 Qf8 33. Rc7 Re8 34. Nxg6
hxg6 35. Qxg6+ Kh8 36. Qh7# 1-0

[Event "XX чемпионат ПФО по шах"]
[Site "Набережные Челн�"]
[Date "2022.03.25"]
[Round "6.6"]
[White "Testova, Nika"]
[Black "Yakimova, Mariya"]
[Result "1-0"]
[WhiteElo "1674"]
[BlackElo "2198"]
[PlyCount "151"]
[EventDate "2022.03.20"]

1. e4 c5 2. Nf3 Nc6 3. d4 cxd4 4. Nxd4 Nf6 5. Nc3 d6 6. Bg5 e6 7. Qd2 Be7 8.
O-O-O a6 9. f4 Qc7 10. Kb1 Rb8 11. Be2 h6 12. Bxf6 Bxf6 13. Nf3 Be7 14. f5 b5
15. fxe6 fxe6 16. Nd4 O-O 17. Bg4 Nxd4 18. Qxd4 b4 19. Ne2 Rb5 20. Qd3 Re5 21.
Nd4 Rf4 22. h3 Rfxe4 23. Nf3 Re3 24. Qg6 R5e4 25. Qe8+ Bf8 26. Nd2 Bd7 27. Qa8
Rf4 28. Rhf1 d5 29. Rxf4 Qxf4 30. Qxa6 Qb8 31. Qf1 Bb5 32. Qf2 Re5 33. Qd4 h5
34. Bf3 Qc7 35. Nb3 Bc4 36. Nd2 Bb5 37. Nb3 Bd6 38. Qh4 Be2 39. Bxe2 Rxe2 40.
Nd4 Rxg2 41. Qxh5 Qf7 42. Qh4 Bf8 43. Qe1 Rg6 44. Nc6 Qb7 45. Ne5 Rf6 46. Ng4
Rg6 47. Ne5 Rg2 48. Qf1 Rg5 49. Re1 Rf5 50. Qg2 Qc7 51. Ng4 Qf4 52. Qe2 Qe4 53.
Qxe4 dxe4 54. Kc1 Rf4 55. Kd2 e5 56. c3 g5 57. Re2 Kg7 58. cxb4 Bxb4+ 59. Kc2
Kg6 60. a3 Bf8 61. a4 Kf5 62. a5 Bc5 63. Kc3 Rf3+ 64. Kc4 Ba7 65. b4 Rxh3 66.
Nf2 Rh4 67. Nxe4 Rf4 68. b5 Bg1 69. b6 Rxe4+ 70. Rxe4 Kxe4 71. Kb5 g4 72. a6
Bxb6 73. Kxb6 g3 74. a7 Ke3 75. a8=Q Kf2 76. Qf8+ 1-0

[Event "XX чемпионат ПФО по шах"]
[Site "Набережные Челн�"]
[Date "2022.03.25"]
[Round "6.7"]
[White "Kuznetsova, Polina"]
[Black "Tazetdinova, Adelya"]
[Result "1-0"]
[WhiteElo "1835"]
[BlackElo "1490"]
[PlyCount "93"]
[EventDate "2022.03.20"]

1. e4 c5 2. Nf3 e6 3. d4 cxd4 4. Nxd4 a6 5. Bd3 Qc7 6. O-O Nf6 7. Qe2 d6 8. c4
Be7 9. Nc3 b6 10. Bd2 Bb7 11. f4 Nbd7 12. Kh1 h5 13. f5 e5 14. Nf3 Nc5 15. Nd5
Qc6 16. b4 Nxd3 17. Qxd3 Bd8 18. a4 Nxe4 19. Qxe4 b5 20. Rfe1 bxc4 21. Nc3 O-O
22. Qxc6 Bxc6 23. Be3 Rb8 24. Rab1 Bd7 25. Red1 Bxf5 26. Rb2 Ba5 27. Nd5 Be4
28. Ne7+ Kh8 29. Ng5 Bd8 30. Nxe4 Bxe7 31. b5 Rfd8 32. Nc3 f5 33. Nd5 Bf6 34.
b6 f4 35. Bf2 Rb7 36. Rc2 e4 37. Nxf4 c3 38. Nd5 Be5 39. Be3 Rc8 40. a5 Rc4 41.
Ra1 Kh7 42. Bf4 Bxf4 43. Nxf4 Rc5 44. Ne2 d5 45. Rxc3 Rxc3 46. Nxc3 Rd7 47. Rd1
1-0

[Event "XX чемпионат ПФО по шах"]
[Site "Набережные Челн�"]
[Date "2022.03.25"]
[Round "6.8"]
[White "Mullina, Almira"]
[Black "Kulkova, Dina"]
[Result "0-1"]
[WhiteElo "1304"]
[BlackElo "1501"]
[PlyCount "144"]
[EventDate "2022.03.20"]

1. e4 e5 2. Nf3 Nc6 3. Nc3 Nf6 4. d4 exd4 5. Nxd4 Bb4 6. Nxc6 bxc6 7. Bd3 d5 8.
exd5 cxd5 9. O-O O-O 10. Bg5 c6 11. h3 h6 12. Bh4 Re8 13. Qf3 Rb8 14. Ne2 Bd6
15. Rab1 Be5 16. c3 Be6 17. Nd4 Qb6 18. Nf5 Bxf5 19. Qxf5 g6 20. Qf3 Ne4 21.
Bxe4 dxe4 22. Qg4 Kg7 23. Bg3 f5 24. Bxe5+ Rxe5 25. Qg3 Rbe8 26. Qe3 Rd5 27.
Rfd1 Red8 28. Rxd5 Rxd5 29. Qe2 Kf6 30. b4 Rd3 31. Rd1 Qd8 32. Rxd3 exd3 33.
Qd2 g5 34. f3 f4 35. Kf1 Qd5 36. a4 Ke6 37. Kf2 c5 38. bxc5 Qxc5+ 39. Kf1 Qe3
40. Qa2+ Kd6 41. Qc4 d2 42. Qb4+ Ke6 43. Qc4+ Kf6 44. Qc6+ Kg7 45. Qb7+ Kg6 46.
Qa6+ Kh5 47. Qe2 Qxc3 48. g4+ Kg6 49. Qe6+ Qf6 50. Qe8+ Kg7 51. Qd7+ Kf8 52.
Qc8+ Ke7 53. Qc7+ Ke8 54. Qc8+ Qd8 55. Qe6+ Qe7 56. Qc8+ Kf7 57. Qc4+ Kf6 58.
Qd4+ Qe5 59. Qxd2 Qa1+ 60. Kg2 Qxa4 61. Qd6+ Kf7 62. Qxh6 Qc2+ 63. Kg1 Qd1+ 64.
Kf2 Qd2+ 65. Kf1 Qd3+ 66. Kg2 Qe2+ 67. Kg1 Qe1+ 68. Kg2 Qg3+ 69. Kf1 Qxf3+ 70.
Ke1 Qg3+ 71. Kd1 Qb3+ 72. Ke1 Qe6+ 0-1

[Event "XX чемпионат ПФО по шах"]
[Site "Набережные Челн�"]
[Date "2022.03.25"]
[Round "6.9"]
[White "Sautina, Elizaveta"]
[Black "Aminova, Zarina"]
[Result "1-0"]
[WhiteElo "1629"]
[BlackElo "1393"]
[PlyCount "41"]
[EventDate "2022.03.20"]

1. d4 d5 2. c4 c6 3. Nc3 Nf6 4. e3 a6 5. b3 Bf5 6. a4 e6 7. Bd3 Bb4 8. Nge2 Ne4
9. Bb2 Qg5 10. O-O Nd7 11. Bxe4 dxe4 12. Ng3 Bxc3 13. Bxc3 h5 14. d5 h4 15.
dxe6 fxe6 16. Nxf5 exf5 17. Qd6 O-O-O 18. Ba5 Nb6 19. Qe6+ Kb8 20. Bxb6 Rhe8
21. Bxd8 1-0